| 000 | 00770nam a2200229 a 4500 | ||
|---|---|---|---|
| 001 | 57433 | ||
| 003 | BD-RjUL | ||
| 005 | 20211209080519.0 | ||
| 008 | 161210s2014 bg ||||| |||| 00| 0 ben d | ||
| 020 |
_a97898489541077 _c: Tk.270.00 |
||
| 035 | _a(BD-RjUL)57557 | ||
| 040 |
_aBD-RjUL _bben _cBD-RjUL _dBD-RjUL |
||
| 041 | _aben | ||
| 082 |
_223 _a100 _bALN 2014 |
||
| 100 |
_aআলী, মোঃ নওসাদ _9170554 |
||
| 245 | 1 | 0 |
_aনওসাদ অমনিয়ানা / _cমোঃ নওসাদ আলী |
| 260 |
_aঢাকা : _bএশিয়া পাবলিকেশন্স, _c২০১৪. |
||
| 300 |
_a১৪৩ পৃ. ; _c২১ সেমি. |
||
| 650 |
_aদর্শন _9170458 |
||
| 650 |
_aPhilosophy _9170555 |
||
| 942 |
_2ddc _cBK |
||
| 999 |
_c57433 _d57433 |
||